000 02886nam a2200397 i 4500
001 196979
003 ES-GrU
005 20250813063346.0
007 ta
008 250306s2024 sp a 000 0 spa#d
017 _aM-28041-2024
_bOficina Depósito Legal Madrid
020 _a9788412953299
040 _aUGR
_erda
_bspa
_cES-MaACL
080 _a314.74
080 _a325
100 1 _aArbide Aza, Hibai
_9239734
_eaut
240 1 0 _aCon el agua al cuello
245 1 0 _aCon el agua al cuello :
_bMuertes y devoluciones en caliente en la peor frontera de Europa /
_cHibai Arbide Haza.
264 1 _aMadrid :
_bCapitán Swing,
_c2025
300 _a318 paginas ;
_c23 cm
336 _atexto
_btxt
_2rdacontent
337 _asin mediación
_bn
_2rdamedia
338 _avolumen
_bnc
_2rdacarrier
520 3 _aLas devoluciones en caliente, también llamadas pushbacks, se han convertido en un elemento central en la política migratoria griega y, por lo tanto, europea. Más de 100.000 personas han sido abandonadas a la deriva en mar abierto tras ser interceptadas en el mar cuando intentaban llegar a las islas griegas o después de haber alcanzado tierra firme. Esta práctica no solo vulnera el derecho a solicitar asilo, sino que amenaza gravemente derechos fundamentales como el derecho a la vida, a la integridad física y a la libertad. En el mar, los refugiados son detenidos en aguas griegas por embarcaciones tripuladas por "los hombres encapuchados", un cuerpo paramilitar que actúa coordinado con los guardacostas. Estos destruyen el motor de las barcas antes de remolcarlas a aguas turcas y abandonarlas a su suerte. En ocasiones los refugiados son forzados a subir a embarcaciones de la guardia costera griega, donde les propinan palizas y les roban sus pertenencias antes de ser coaccionados a subir a balsas salvavidas inflables para dejarlos a la deriva. Con el agua al cuello explica como, en solo diez años, Lesbos y otras islas griegas han pasado de ser un ejemplo de solidaridad conocido en el mundo entero, a un lugar donde se cometen atrocidades cada día mientras Europa miras para otro lado.
_2(Texto del editor)
650 0 _aRefugiados-
_zGrecia
_2EMBUS
_9239735
650 0 _aEmigración e inmigración-
_zGrecia
_2EMBUS
_9239736
650 7 _aDerechos humanos
_2embne
_911770
650 0 _aDevoluciones en caliente-
_zGrecia
_2EMBUS
_9239737
651 0 _aGrecia-
_xDevoluciones en caliente
_9239739
852 _aES-MaACL
_cDEPOJ
_jN-10414
_gDedicatoria autógra del autor
_hDonación: Hibai Arbide Aza
_xEncuaderanción rústica con solapas
_9206537
903 _9239734
_aArbide Aza, Hibai
_ednr
942 _cMONOGRAFIA
_n0
999 _c196979
_d196979